[Event "Hokkaido Chess Championship 2024"]
[Site "?"]
[Date "2024.03.24"]
[Round "5.5"]
[White "Miyatani, Ryohei"]
[Black "Yoshii, Yukihiko"]
[Result "1-0"]
[WhiteElo "1313"]
[BlackElo "1644"]
[Annotator "Fritz 11 SE (30s)"]
[PlyCount "51"]
[EventDate "2024.03.23"]

{[%mdl 8256] B12: Caro-Kann: Advance Variation} 1. e4 c6 2. d4 d5 3. e5 Bf5 4.
c4 e6 5. Nf3 $146 (5. a3 dxc4 (5... Ne7 6. Nc3 Nd7 7. Be3 (7. Nf3 Bg4 8. Be3
Nf5 9. cxd5 cxd5 10. h3 Bh5 11. Bd3 Bg6 12. Bf4 a6 13. h4 Ne7 14. h5 Bxd3 15.
Qxd3 h6 16. O-O Rc8 17. Rfc1 Nb6 18. b3 Nc6 19. Bd2 Be7 20. Ne2 Kd7 21. Ne1 Qg8
{Zhigalko,A (2572)-Rodshtein,M (2660) Jerusalem 2015 0-1 (56)}) 7... Bg6 8. Nf3
dxc4 9. Bxc4 Nb6 10. Bb3 Nf5 11. O-O Be7 12. h3 O-O 13. Qe2 Nd5 14. Nxd5 cxd5
15. Rac1 Qb6 16. Rc3 Rfc8 17. Rfc1 Qd8 18. Qb5 Rxc3 19. Rxc3 Nxe3 20. fxe3 {
Najer,E (2663)-Riazantsev,A (2671) Sochi 2015 1/2-1/2 (71)}) (5... Nd7 6. cxd5
cxd5 7. Nf3 Ne7 8. Nc3 Nc6 9. Bg5 Be7 10. Bxe7 Qxe7 11. Bb5 Bg4 12. Qa4 Bxf3
13. gxf3 O-O 14. Bxc6 bxc6 15. Qxc6 Rab8 16. Na4 Rfc8 17. Qd6 Qg5 18. Qxd7 Rc2
19. Rd1 Qg2 20. Rd2 {Lematschko,T (2285)-Brunner,L (2495) Switzerland 1994 0-1}
) 6. Bxc4 Ne7 7. Nc3 Nd5 8. Nge2 Be7 9. Ng3 Nxc3 10. bxc3 Bg6 11. O-O Nd7 12.
f4 Nb6 13. Bb3 Qd7 14. Qf3 O-O 15. a4 Rad8 16. Bd2 Nd5 17. c4 Nc7 18. Be3 f5
19. exf6 Bxf6 {Smerdon,D (2472)-Retera,J (2281) Netherlands 2006 1-0 (56)})
5... h6 {Prevents intrusion on g5} 6. Nc3 Bb4 7. h3 {Prevents intrusion on g4}
(7. Qb3 a5 $16) 7... dxc4 8. Bxc4 {White has a new backward pawn: d4. Black is
behind in developement} Ne7 9. O-O O-O {Black has a cramped position} 10. g4 {
White threatens to win material: g4xf5} Bh7 11. Bd3 (11. Qb3 a5 $14) 11... Bxd3
$11 12. Qxd3 {Black has a cramped position} Ng6 13. g5 hxg5 14. Bxg5 (14. Nxg5
c5 15. Qf3 cxd4 $16) 14... Be7 {Black threatens to win material: Be7xg5} (14...
Nxe5 15. Nxe5 Qxg5+ 16. Qg3 $17) 15. Ne4 (15. h4 Nd7 (15... Nxh4 $143 16. Bxh4
Bxh4 17. Kg2 $16) 16. Qe4 Re8 $14) 15... Nd7 (15... Nxe5 $5 16. Nxe5 Bxg5 $15)
16. Bxe7 Qxe7 17. Neg5 (17. Nfg5 f5 18. exf6 Nxf6 $11) 17... f5 (17... c5 $5
$15 {is interesting}) 18. Qb3 $11 {White threatens to win material: Qb3xe6.
White forks: e6+b7} Nf4 19. Kh2 (19. Qxb7 $5 {looks like a viable alternative}
Rfc8 20. Qa6 $14) 19... Nb6 $15 20. Rg1 g6 $4 {gives away a clear win} (20...
Nbd5 $142 $15 {would hold out}) 21. Nxe6 $1 $18 {Decoy: e6} Nxe6 (21... Qxe6
22. Rxg6+ Nxg6 (22... Kf7 23. Rxe6 {Combination}) (22... Kh7 23. Rxe6 {
Combination}) (22... Kh8 23. Rxe6 {Combination}) 23. Qxe6+ {Overloading Decoy
Deflection Double attack}) (21... Nxe6 22. Rxg6+ {Decoy Double attack}) 22.
Rxg6+ Kh7 23. Rxe6 Qg7 24. Rg1 Qc7 25. Ng5+ Kg7 26. Nf7+ $1 {Decoy: f7} (26.
Nf7+ Kxf7 27. Rf6+ Ke8 28. Qe6+ Qe7 29. Rxf8+ Kxf8 30. Rg8#) 1-0

[Event "Hokkaido Chess Championship 2024"]
[Site "?"]
[Date "2024.03.24"]
[Round "5.8"]
[White "Shimomura, Kensei"]
[Black "Ito, Katsuhide"]
[Result "1-0"]
[WhiteElo "1199"]
[BlackElo "1199"]
[Annotator "Fritz 11 SE (30s)"]
[PlyCount "75"]
[EventDate "2024.03.23"]

{B45: Sicilian Four Knights} 1. e4 c5 2. Nf3 Nc6 3. Nc3 e6 4. d4
cxd4 5. Nxd4 Nf6 6. Nxc6 bxc6 (6... dxc6 7. Qxd8+ Kxd8 8. Be3 Bb4 9. f3 e5 10.
O-O-O+ Ke7 11. a3 Bd6 12. Bc4 Be6 13. Bxe6 Kxe6 {1/2-1/2 (13) Bilek,I (2460)
-Plachetka,J (2445) Naleczow 1979}) 7. Bg5 $146 {Black is behind in
developement} (7. Qf3 Be7 8. e5 Nd5 9. Qg3 O-O 10. Bh6 g6 11. Bxf8 Bxf8 12. Ne4
Rb8 13. Bd3 Qa5+ 14. Ke2 Rxb2 15. Rhb1 Qb6 16. Rxb2 Qxb2 17. Rd1 Bg7 18. Qg5
Qxe5 19. Qd8+ Bf8 20. Kf1 Ba6 21. Bxa6 Qxe4 {Yuzhakov,O (2362)-Kopylov,A (2446)
Tiumen 2011 0-1}) (7. Be3 d5 8. exd5 exd5 9. Qd2 Be7 10. Be2 Be6 11. O-O O-O {
1/2-1/2 (11) Bojkov,D (2280)-Petrov,M (2405) Shumen 1997}) (7. a3 Qc7 8. Be2
Bd6 9. Be3 Rb8 10. Rb1 Be5 11. Bd4 O-O 12. Bxe5 Qxe5 13. Qd3 d5 14. exd5 exd5
15. Qg3 Re8 16. Qxe5 Rxe5 17. Kf1 d4 18. Nd1 Bf5 19. Bd3 Rbe8 {0-1 (19) Halasz,
F (2155)-Fusthy,Z (2243) Hungary 2002}) 7... Bb4 8. e5 (8. Qf3 $11) 8... h6 (
8... Qa5 $5 9. exf6 Qxg5 10. fxg7 Qxg7 $15) 9. exf6 (9. Bd2 $5 {must
definitely be considered} Nd5 10. Qg4 $14) 9... hxg5 $11 10. fxg7 Rg8 {Black
threatens to win material: Rg8xg7} 11. Qh5 {White has a king attack} (11. Qf3
$11) 11... Ke7 (11... Qf6 $142 {is the best option Black has} 12. O-O-O d5 $15)
12. Qxg5+ $16 f6 13. Qg3 d5 14. O-O-O Kf7 15. Qe3 Bxc3 $2 (15... Bd6 $142 $16)
16. Qxc3 $18 (16. bxc3 $6 e5 $14) 16... Qb6 17. f4 (17. h4 $142 $5 e5 18. h5
Kxg7 19. Rd2 $18) 17... Rxg7 $16 18. g3 Bb7 19. Be2 c5 20. Rhg1 d4 21. Qc4 (21.
Qa3 Bd5 22. Bf3 Bxf3 23. Qxf3 Rb8 $16) 21... a5 (21... Bd5 22. Qd3 $14) 22. f5
$16 Bd5 23. Qa4 (23. fxe6+ Bxe6 24. Qa4 $16) 23... Bc6 $2 (23... Qb4 24. Qb5
$14) 24. Qc4 (24. fxe6+ Kxe6 25. Qc4+ Bd5 $16) 24... Bd5 25. Qa4 {Twofold
repetition} Kg8 (25... Bc6 26. fxe6+ Kxe6 27. Qc4+ Bd5 28. Qd3 $16) 26. Bc4 (
26. fxe6 $5 Qxe6 27. Bb5 $16) 26... Qb4 $11 27. Qxb4 axb4 28. Bxd5 {White
forks: e6+a8} exd5 {A double rook endgame occured.} 29. Kb1 Rga7 30. c3 $4 (30.
a3 $11) 30... b3 $4 {Black threatens to win material: b3xa2. makes life more
difficult} (30... bxc3 $142 {and Black can celebrate victory} 31. a3 Rb7 $19)
31. axb3 $14 {White has new doubled pawns: b2+b3.} (31. cxd4 $4 {the pawn is
safe and cannot be captured without dire consequences} Rxa2 32. Kc1 c4 $19)
31... Ra1+ $2 (31... c4 $142 {is a viable option} 32. Kc2 cxb3+ 33. Kd3 dxc3
34. Kxc3 Rc8+ 35. Kd3 Rac7 $16) 32. Kc2 $18 Rxd1 $2 (32... R1a5 $18) 33. Rxd1
Re8 (33... Kf7 {is no salvation} 34. cxd4 cxd4 35. Rxd4 $18) 34. cxd4 Re2+ (
34... cxd4 {is still a small chance} 35. Rxd4 Re5 $18) 35. Rd2 Re4 (35... Re7 {
does not improve anything} 36. dxc5 Rd7 37. Kd3 $18) 36. dxc5 d4 37. c6 Re5 38.
Rxd4 (38. Rxd4 Re7 39. Rb4 Re2+ 40. Kd3 Re1 41. c7 Kg7 42. c8=Q Rd1+ 43. Ke2
Re1+ 44. Kxe1 Kh7 45. Rg4 Kh6 46. Qh8#) 1-0